L'agriculture polonaise: bilan et perspectives.

Poľnohospodárska politika počas prechodného obdobia. Ceny poľnohospodárskych výrobkov. Poľnohospodárstvo a štát. Fungovanie trhu. Agentúra poľnohospodárskeho trhu. Poľnohospodárstvo a Európa. (Chroniques de la SEDEIS 1992, č.5).

Na minha lista:
Detalhes bibliográficos
Autor principal: Blanchet, J.H
Formato: Capítulo de Livro
Idioma:francês
Assuntos:
Tags: Adicionar Tag
Sem tags, seja o primeiro a adicionar uma tag!

MARC

LEADER 00000naa a2200000 4500
001 r009740
005 20220913125013.9
041 0 |a fre 
044 |a FR 
245 1 0 |a L'agriculture polonaise: bilan et perspectives.  |c J.H. Blanchet 
520 |a Poľnohospodárska politika počas prechodného obdobia. Ceny poľnohospodárskych výrobkov. Poľnohospodárstvo a štát. Fungovanie trhu. Agentúra poľnohospodárskeho trhu. Poľnohospodárstvo a Európa. (Chroniques de la SEDEIS 1992, č.5). 
610 2 0 |a poľnohospodárstvo 
610 2 0 |a politika poľnohospodárska 
610 2 0 |a PR 
610 2 0 |a ceny výrobkov poľnohospodárskych 
610 2 0 |a štát 
610 2 0 |a mechanizmus trhový 
100 1 |a Blanchet, J.H.